000 00558nam a2200229Ia 4500
003 OSt
005 20220923230318.0
006 a|||||r|||| 00| 0
007 ta
008 Pun
024 _a279,328
037 _cTextual
040 _aARTS
_cARTS
_bPun
041 _2Pun
_aPun
082 _aO153,1NARPx, L7
100 _aਇਕਬਾਲ
245 0 _aਸੁਨੱਖਾ ਦਰਦ
260 _c1977
650 _aਪੰਜਾਬੀ ਸਾਹਿਤ
942 _hO153,1NARPx, L7
_cTEXL
_2CC
999 _c383871
_d383871